[Event "Taujenai Manor Cup"]
[Site "Taujenai"]
[Date "2021.11.28"]
[Round "5"]
[White "Andrijauskas, Domas"]
[Black "Velicka, Ramunas"]
[Result "1-0"]
[WhiteElo "1441"]
[BlackElo "1606"]
[PlyCount "139"]
[EventDate "2021.11.27"]
[EventType "swiss (rapid)"]
[EventRounds "9"]
[EventCountry "LTU"]
[SourceTitle "EXT 2023"]
[Source "ChessBase"]
[SourceDate "2022.10.05"]
[SourceVersion "1"]
[SourceVersionDate "2022.10.05"]
[SourceQuality "1"]

1. c4 e5 2. Nc3 Nc6 3. g3 Nf6 4. Bg2 d6 5. d3 Bd7 6. Nf3 Be7 7. 0-0 0-0 8. Bd2 Bg4 9. a3 Rb8 10. Qc2 Qd7 11. Rfe1 Bxf3 12. exf3 Nd4 13. Qd1 c6 14. f4 Qf5 15. Ne4 Rfe8 16. Be3 c5 17. b4 b6 18. b5 Ng4 19. h3 Nxe3 20. fxe3 Ne6 21. Kh2 exf4 22. exf4 Nd4 23. Bf3 Rbd8 24. Bg4 Qg6 25. a4 f5 26. Bf3 fxe4 27. Bxe4 Qf6 28. Qh5 g6 29. Qd1 Bf8 30. a5 Re7 31. axb6 axb6 32. Ra6 d5 33. Bxd5+ Rf7 34. Bxf7+ Kxf7 35. Kg2 Kg7 36. Qd2 g5 37. Qe3 gxf4 38. Qxf4 Qxf4 39. gxf4 Rd6 40. Re8 Kf7 41. Rb8 Rg6+ 42. Kf2 Bh6 43. Rbxb6 Rxb6 44. Rxb6 Bxf4 45. Rb7+ Kg6 46. b6 h6 47. Rd7 Kg5 48. Rd5+ Kh4 49. Rxc5 Kxh3 50. b7 Nb3 51. Rc8 Nc1 52. b8Q Bxb8 53. Rxb8 Nxd3+ 54. Ke3 Ne5 55. c5 h5 56. Re8 Nc6 57. Re6 Na5 58. c6 Nc4+ 59. Kf2 Nb6 60. c7 Nc8 61. Re8 Nd6 62. Rh8 h4 63. c8Q+ Nxc8 64. Rxc8 Kh2 65. Rc1 h3 66. Rc8 Kh1 67. Rd8 Kh2 68. Kf3 Kh1 69. Rh8 h2 70. Kg3 1-0

[Event "Taujenai Manor Cup"]
[Site "Taujenai"]
[Date "2021.11.28"]
[Round "9"]
[White "Velicka, Ramunas"]
[Black "Alejunaite, Milda"]
[Result "1-0"]
[WhiteElo "1606"]
[BlackElo "1171"]
[PlyCount "66"]
[EventDate "2021.11.27"]
[EventType "swiss (rapid)"]
[EventRounds "9"]
[EventCountry "LTU"]
[SourceTitle "EXT 2023"]
[Source "ChessBase"]
[SourceDate "2022.10.05"]
[SourceVersion "1"]
[SourceVersionDate "2022.10.05"]
[SourceQuality "1"]

1. f4 Nc6 2. Nf3 d5 3. e3 Bf5 4. d3 Nf6 5. h3 Bd7 6. Be2 e6 7. 0-0 Bc5 8. Kh1 Nh5 9. Kh2 0-0 10. d4 Bd6 11. Ne5 Nf6 12. Nxd7 Qxd7 13. Nd2 Ne4 14. Nxe4 dxe4 15. a3 f6 16. Kg1 Rad8 17. c4 Be7 18. Qc2 f5 19. Bd2 Bh4 20. Rad1 Bg3 21. d5 exd5 22. cxd5 Ne7 23. Bb4 Rfe8 24. Rd4 c6 25. d6 Nd5 26. Bc4 Rc8 27. Bxd5+ cxd5 28. Qd2 Qa4 29. Rxd5 Rc2 30. d7 Rd8 31. Qd4 Qa6 32. Qe5 Qe2 33. Qe8+ Rxe8 1-0

[Event "Taujenai Manor Cup"]
[Site "Taujenai"]
[Date "2021.11.28"]
[Round "8"]
[White "Zalimas, Ugnius"]
[Black "Velicka, Ramunas"]
[Result "1-0"]
[WhiteElo "1392"]
[BlackElo "1606"]
[PlyCount "121"]
[EventDate "2021.11.27"]
[EventType "swiss (rapid)"]
[EventRounds "9"]
[EventCountry "LTU"]
[SourceTitle "EXT 2023"]
[Source "ChessBase"]
[SourceDate "2022.10.05"]
[SourceVersion "1"]
[SourceVersionDate "2022.10.05"]
[SourceQuality "1"]

1. e4 e5 2. Nf3 Nf6 3. Nc3 Nc6 4. d4 d6 5. dxe5 Nxe5 6. Nxe5 dxe5 7. Qxd8+ Kxd8 8. Bg5 Bd6 9. Nd5 h6 10. Bxf6+ gxf6 11. Nxf6 Ke7 12. Nd5+ Kf8 13. 0-0-0 Be6 14. g3 Kg7 15. Bg2 Rad8 16. Ne3 Bc5 17. Rhf1 Bxa2 18. Nf5+ Kh7 19. f4 Bc4 20. Rxd8 Rxd8 21. Rf3 Be2 22. Rf1 Bxf1 23. Bxf1 exf4 24. gxf4 Rg8 25. Bd3 Rg4 26. Kb1 Rxf4 27. Ka2 a6 28. h4 Kh8 29. Nxh6 Rxh4 30. Nxf7+ Kg7 31. Ng5 Be7 32. Ne6+ Kf6 33. Nxc7 Ke5 34. Nd5 Bd8 35. Kb1 Rh1+ 36. Ka2 Rg1 37. Ne3 Rg6 38. Nd5 Rh6 39. Ne3 Bb6 40. Ng4+ Kf4 41. Nxh6 Bc7 42. Ng8 Ke5 43. Ne7 Bd6 44. Nd5 Kd4 45. Kb3 b5 46. Nf6 Be5 47. Ng4 Bd6 48. Nf2 Kc5 49. Nd1 a5 50. Nc3 a4+ 51. Ka2 a3 52. bxa3 b4 53. axb4+ Kxb4 54. Nd5+ Kc5 55. Kb3 Kd4 56. Nf6 Be7 57. Ng4 Bg5 58. e5 Be7 59. Bf5 Kc5 60. Bd7 Kd5 61. e6 1-0